F1 Season 1995 Race Winners - Statistics

General Stats
  • This quiz has been taken 10 times
  • The average score is 16 of 17
Answer Stats
Grand Prix Country Winner % Correct
Argentina United Kingdom Damon Hill
100%
San Marino United Kingdom Damon Hill
100%
Hungary United Kingdom Damon Hill
100%
Australia United Kingdom Damon Hill
100%
Brazil Germany Michael Schumacher
100%
Spain Germany Michael Schumacher
100%
Monaco Germany Michael Schumacher
100%
France Germany Michael Schumacher
100%
Germany Germany Michael Schumacher
100%
Belgium Germany Michael Schumacher
100%
European (Germany) Germany Michael Schumacher
100%
Pacific (Japan) Germany Michael Schumacher
100%
Japan Germany Michael Schumacher
100%
Portugal United Kingdom David Coulthard
89%
United Kingdom United Kingdom Johnny Herbert
89%
Italy United Kingdom Johnny Herbert
89%
Canada France Jean Alesi
67%
No matching quizzes found
Score Distribution
Percent of People with Each Score
Percentile by Number Answered
Your Score History
You have not taken this quiz